000 00398nam a22001337a 4500
008 190619b xxu||||| |||| 00| 0 eng d
050 _aPJ 7826
_b.G447 1990 vol.3
100 _aKahlil Gibran
245 _aThoughts and meditation, a self-portrait/
_cKahlil Gibran
260 _aDelhi:
_bBook Palace
_c1990.
300 _a200 p. : 170 cm.
440 _aThe Best of Kahlil Gibran
942 _2lcc
_cBK
999 _c361923
_d361923